000 00891cam a2200289 i 4500
001 1887
003 BD-RjUL
005 20211208233432.0
008 131209s1967 nyua 000 0 eng d
035 _a(OCoLC)ocm04417780
035 _a(BD-RjUL)1914
035 _a(NNC)2024661
040 _aCPS
_cCPS
_dOCL
_dDXU
_dZCU
_beng
041 _aeng
082 _216
_a150
_bLOR 1967
090 _aBF149
_b.L6
100 1 _aLockhart, Russell A.,
_d1938-
_96224
245 1 0 _aReadings for general psychology /
_cselected by R.A. Lockhart, T.J. Bouchard, M.S. Gazzaniga.
260 _aNew York :
_bJohnson Reprint Corp.,
_c1967.
300 _a193 p. :
_bill. ;
_c23 cm.
504 _aIncludes bibliographies.
526 _bPsychology
650 0 _aPsychology.
_96225
700 1 _aBouchard, Thomas Joseph,
_ecompiler.
_96226
700 1 _aGazzaniga, Michael S.,
_ecompiler.
_96227
942 _2ddc
_cBK
999 _c1887
_d1887